• 首页
  • 本馆介绍
  • 公告通知
  • 最新文献
  • 馆藏检索
  • 电子资源
  • 读者导购
  • 参考咨询
  • 我的图书馆
  • 登录
  • 详细信息显示
  • 放入我的书架
  • 预约/预借图书
  • 作者相关作品
  • 分类相关作品
  • 丛书相关作品
  • 出版社相关作品

书目信息

  • 表格格式
  • 工作单格式
  • 卡片格式
题名:
西洋画技法与欣赏
    
 
作者: 李乡状 主编
分册:  
出版信息: 长春   吉林文史出版社  2006.01
页数: 192页
开本: 21cm
丛书名:
单 册:
中图分类: J23
科图分类:
主题词: 艺术--经典--丛书 , 绘画--世界 , 绘画--各国
电子资源:
ISBN: 7-80702-343-0
000 00725nam0 2200253 450
001 012006000000
005 20070905092700.13
010    @a7-80702-343-0@dCNY22.80
100    @a20070307d2006 em y0chiy0110 ea
101 0  @achi
102    @aCN@b220000
105    @ay z 000yy
200 1  @a西洋画技法与欣赏@AXi Yang Hua Ji Fa Yu Xin Shang@f李乡状主编@FLi Xiang Zhuang Zhu Bian
210    @a长春@c吉林文史出版社@c吉林音像出版社@d2006.01
215    @a192页@d21cm
300    @a文艺经典荟萃
606 0  @a艺术@x经典@j丛书
606 0  @a绘画@x世界
606 0  @a绘画@y各国
690    @aJ23@v4
701  0 @a李乡状@ALi Xiang Zhuang@4主编
801  0 @aCN@bBJSWSY@c20070905
905    @aBZT@dJ23@e1
906    @dCNY22.80@n0@r1
    
    西洋画技法与欣赏/李乡状主编.-长春:吉林文史出版社:吉林音像出版社,2006.01
    192页;21cm
    文艺经典荟萃
    
    ISBN 7-80702-343-0:CNY22.80
    
●
相关链接 在五车中查询图书 在当当中查询图书 在豆瓣中查询图书


正题名:西洋画技法与欣赏     索取号:J23/1         预约/预借

序号 登录号 条形码 馆藏地/架位号 状态 备注
1 570524   230160173   中心书库中库/ 中库018架A面4列2层3/ [索取号:J23/1] 在馆    
2 570525   230160174   中心书库中库/ 中库018架A面4列2层1/ [索取号:J23/1] 在馆    
3 570526   230160175   中心书库中库/ 中库018架A面4列2层4/ [索取号:J23/1] 在馆    
4 570527   230160176   中心书库中库/ 中库018架A面4列2层7/ [索取号:J23/1] 在馆    
5 570528   230160177   中心书库中库/ 中库021架B面1列5层8/ [索取号:J23/1] 在馆    
6 570529   230160168   中心书库中库/ 中库018架A面4列2层5/ [索取号:J23/1] 在馆    
7 570530   230160169   中心书库中库/ 中库018架A面4列2层17/ [索取号:J23/1] 在馆    
8 570531   230160170   中心书库中库/ 中库018架A面4列2层2/ [索取号:J23/1] 在馆    
9 570532   230160171   中心书库中库/ 中库018架A面4列2层6/ [索取号:J23/1] 在馆    
10 570533   230160172   中心书库中库/ 中库018架A面4列2层16/ [索取号:J23/1] 在馆    
山东省滨州职业学院图书馆 欢迎您!
大连网信软件有限公司© 版权所有